| 000 | 00439aam a2200169 4500 | ||
|---|---|---|---|
| 005 | 20170112125343.0 | ||
| 008 | 150727b xxu||||| |||| 00| 0 spa d | ||
| 041 | _aInglés | ||
| 082 | _a428 W638d | ||
| 100 |
_aWiddowson, H.G. _936265 |
||
| 245 | _aDefining issues in english language teaching | ||
| 260 |
_aInglaterra _bOxford _c2003 |
||
| 300 | _a193 páginas | ||
| 650 |
_aINGLÉS _92062 |
||
| 650 |
_a ENSEÑANZA _9236 |
||
| 942 | _cBK | ||
| 999 |
_c8728 _d8728 |
||